000 01594nam a22003497a 4500
005 20170323020002.0
008 150414s2014 ck o gr 00010 spa d
020 _a9789589916964
040 _aCO-BoBLA
_cCO-BoBLA
_dCo-BoIAVH
041 _aspa
044 _ack
082 0 4 _a918.611
_bD54r
100 1 _aDíaz Merlano, Juan Manuel
245 1 0 _aRegión Caribe de Colombia /
_cJuan Manuel Díaz Merlano ; fotografía Angélica Montes Arango, Camilo Gómez Durán, Diego Migel Garcés Guerrero [y otros] ; mapas y dibujos Juan Carlos Piñeres Márquez.
260 _aCali :
_bBanco de Occidente,
_c[2014?]
300 _a205 páginas :
_bfotografías ;
_c34 cm.
500 _aGlosario : p. 200.
504 _aIncluye referencias bibliográficas (página 205)
650 4 _aPaisajes
_z Caribe (Región, Colombia)
650 4 _aRecursos naturales
_z Caribe (Región, Colombia)
651 4 _a Caribe (Región, Colombia)
_x Vida social y costumbres.
651 4 _a Caribe (Región, Colombia)
_x Descripción.
651 4 _a Caribe (Región, Colombia)
_x Descripción.
700 1 _aMontes Arango, Angélica,
_efotógrafa.
700 1 _aGómez Durán, Camilo,
_efotógrafo.
700 1 _aGarcés Guerrero, Diego Miguel,
_d1959-,
_efotógrafo.
700 1 _aMontes Veira, Germán,
_efotógrafo.
700 1 _aDaza Larrotta, Gabriel,
_efotógrafo.
700 1 _aMorales Agudelo, Miguel,
_efotógrafo.
700 1 _aPiñeres Márquez, Juan Carlos,
_eilustrador.
942 _2ddc
_cLIBRO
_01
999 _c17757
_d17757